[Event "Olimpiada de Khanty-Mansiysk 2010"]
[Site "Khanty-Mansiysk RUS"]
[Date "2010.09.29"]
[Round "8"]
[White "Stanojoski, Zvonko"]
[Black "Savitskiy, Sergey"]
[Result "1/2-1/2"]
[WhiteElo "2485"]
[BlackElo "2373"]
[PlyCount "98"]
[EventDate "2010.09.21"]
[EventType "team"]
[EventRounds "11"]
[EventCountry "RUS"]
[Source "lmi"]
[SourceDate "2010.09.21"]
[WhiteTeam "MKD"]
[BlackTeam "RU5"]

1. e4 c5 2. Nf3 d6 3. d4 cxd4 4. Nxd4 Nf6 5. Nc3 e6 6. g3 Nc6 7. Bg2 Bd7 8.
Ndb5 Qb8 9. Bf4 Ne5 10. a4 a6 11. Nd4 Be7 12. O-O O-O 13. h3 Qc7 14. g4 h6 15.
g5 hxg5 16. Bxg5 Rfe8 17. Kh1 Rac8 18. Bc1 Bf8 19. f4 Ng6 20. f5 exf5 21. exf5
Nh4 22. Nd5 Nxd5 23. Bxd5 Re5 24. Bxf7+ Kxf7 25. Qh5+ Kg8 26. Qxh4 Qc4 27. Qf2
Rce8 28. b3 Qc3 29. Bf4 Re4 30. Rad1 Qxh3+ 31. Bh2 Rg4 32. Rd3 Qh5 33. c3 b5
34. Rg3 bxa4 35. bxa4 Rxd4 36. Qa2+ Kh7 37. cxd4 Re2 38. Rh3 Qxh3 39. Qxe2 Bxf5
40. Qg2 Qh5 41. Kg1 g6 42. Qf3 Qg5+ 43. Qg3 Qf6 44. Qf2 Bg7 45. Rd1 Qg5+ 46.
Bg3 Qg4 47. Rd2 Bh6 48. Re2 Bg7 49. Rd2 Bh6 1/2-1/2

[Event "Olimpiada de Khanty-Mansiysk 2010"]
[Site "Khanty-Mansiysk RUS"]
[Date "2010.09.29"]
[Round "8"]
[White "Yuffa, Daniil"]
[Black "Pancevski, Filip"]
[Result "1-0"]
[WhiteElo "2235"]
[BlackElo "2410"]
[PlyCount "81"]
[EventDate "2010.09.21"]
[EventType "team"]
[EventRounds "11"]
[EventCountry "RUS"]
[Source "lmi"]
[SourceDate "2010.09.21"]
[WhiteTeam "RU5"]
[BlackTeam "MKD"]

1. d4 f5 2. Nf3 Nf6 3. g3 g6 4. Bg2 Bg7 5. O-O O-O 6. c4 d6 7. Nc3 Qe8 8. d5
Na6 9. Nd4 Bd7 10. b3 c6 11. Bb2 c5 12. Nf3 Nc7 13. a4 h6 14. Qc2 g5 15. e4 Ng4
16. h3 Ne5 17. Nxe5 Bxe5 18. exf5 Bxf5 19. Ne4 Bxb2 20. Qxb2 Qg6 21. Rae1 Bd7
22. Re3 Rf7 23. Rfe1 Raf8 24. R1e2 Rg7 25. b4 cxb4 26. Qxb4 b6 27. a5 b5 28. c5
Na6 29. Qd4 dxc5 30. Nxc5 Nxc5 31. Qxc5 Qd6 32. Qxa7 Rgf7 33. Qd4 Rc8 34. Kh2
Ra8 35. Rxe7 Rxa5 36. Rxf7 Kxf7 37. Qh8 Ra3 38. Be4 Qf6 39. Qb8 Ra6 40. Bh7 Qg7
41. Qd8 1-0

[Event "Olimpiada de Khanty-Mansiysk 2010"]
[Site "Khanty-Mansiysk RUS"]
[Date "2010.09.29"]
[Round "8"]
[White "Stefansson, Hannes"]
[Black "Granda, Zuniga Julio E"]
[Result "1-0"]
[WhiteElo "2585"]
[BlackElo "2636"]
[PlyCount "82"]
[EventDate "2010.09.21"]
[EventType "team"]
[EventRounds "11"]
[EventCountry "RUS"]
[Source "lmi"]
[SourceDate "2010.09.21"]
[WhiteTeam "Islandia"]
[BlackTeam "Perú"]
[WhiteTeamCountry "ISL"]
[BlackTeamCountry "PER"]

1. e4 c6 2. d4 d5 3. Nd2 dxe4 4. Nxe4 Bf5 5. Ng3 Bg6 6. h4 h6 7. Nf3 Nd7 8. h5
Bh7 9. Bd3 Bxd3 10. Qxd3 e6 11. Bd2 Ngf6 12. O-O-O Be7 13. Kb1 O-O 14. Qe2 c5
15. d5 Nxd5 16. Ne4 Qb6 17. g4 N7f6 18. g5 Nxe4 19. Qxe4 c4 20. Qxc4 hxg5 21.
Ne5 Rac8 22. Qe2 Ba3 23. Nd3 Rc3 24. Bc1 Rfc8 25. Rd2 Be7 26. Ka1 Bf6 27. h6
Qa5 28. Ne5 gxh6 29. Ng4 Bg7 30. Nxh6+ Kf8 31. Qh5 R3c7 32. Qxg5 Rxc2 33. Rxc2
Rxc2 34. Rg1 Bxh6 35. Qxh6+ Ke7 36. Bg5+ Kd7 37. Qf8 Rxf2 38. Rc1 f6 39. Qc8+
Kd6 40. Qb8+ Nc7 41. Be3 Kd5 1-0

[Event "Olimpiada de Khanty-Mansiysk 2010"]
[Site "Khanty-Mansiysk RUS"]
[Date "2010.09.29"]
[Round "8"]
[White "Cordova, Emilio"]
[Black "Steingrimsson, Hedinn"]
[Result "0-1"]
[WhiteElo "2539"]
[BlackElo "2550"]
[PlyCount "81"]
[EventDate "2010.09.21"]
[EventType "team"]
[EventRounds "11"]
[EventCountry "RUS"]
[Source "lmi"]
[SourceDate "2010.09.21"]
[WhiteTeam "Perú"]
[BlackTeam "Islandia"]
[WhiteTeamCountry "PER"]
[BlackTeamCountry "ISL"]

1. d4 e6 2. Nf3 c5 3. e3 Nf6 4. c4 cxd4 5. exd4 d5 6. Nc3 Bb4 7. Bd3 O-O 8. O-O
dxc4 9. Bxc4 b6 10. Bg5 Bb7 11. Qe2 Bxc3 12. bxc3 Nbd7 13. Nd2 Qc7 14. Rac1
Rfe8 15. f4 Ne4 16. Nxe4 Bxe4 17. Bb3 f5 18. Bh4 Rac8 19. c4 h6 20. Qe3 Kh7 21.
a4 Qc6 22. Rf2 a6 23. Ra1 Nf8 24. Rb2 Ng6 25. Be1 Qd6 26. Ba2 Red8 27. Rd1 Nxf4
28. a5 b5 29. Bg3 e5 30. Rbd2 Qg6 31. c5 Nxg2 32. Rxg2 Bxg2 33. Kxg2 exd4 34.
Qe5 Qc6+ 35. Kh3 Qxc5 36. Qe6 Rc6 37. Qf7 Rf6 38. Qb7 Qc2 39. Rg1 Qxa2 40. Bh4
Rf7 41. Qxa6 0-1

[Event "Olimpiada de Khanty-Mansiysk 2010"]
[Site "Khanty-Mansiysk RUS"]
[Date "2010.09.29"]
[Round "8"]
[White "Thorfinnsson, Bjorn"]
[Black "Cori, Jorge"]
[Result "1/2-1/2"]
[WhiteElo "2404"]
[BlackElo "2496"]
[PlyCount "83"]
[EventDate "2010.09.21"]
[EventType "team"]
[EventRounds "11"]
[EventCountry "RUS"]
[Source "lmi"]
[SourceDate "2010.09.21"]
[WhiteTeam "Islandia"]
[BlackTeam "Perú"]
[WhiteTeamCountry "ISL"]
[BlackTeamCountry "PER"]

1. d4 d5 2. c4 c6 3. Nf3 Nf6 4. e3 a6 5. Bd3 dxc4 6. Bxc4 e6 7. O-O Be7 8. Bb3
O-O 9. Nbd2 c5 10. e4 Nc6 11. dxc5 Nd7 12. Nc4 Nxc5 13. Be3 b5 14. Qxd8 Rxd8
15. Nb6 Rb8 16. Rac1 Nxb3 17. Rxc6 Na5 18. Rc7 Bd6 19. Rc2 Bb7 20. e5 Be4 21.
Rcc1 Bf8 22. Rfe1 h6 23. Nd2 Bb7 24. Rc7 Bb4 25. Re2 Nc6 26. a3 Ba5 27. b4 Bxb6
28. Bxb6 Ba8 29. Ba7 Nxa7 30. Rxa7 Rbc8 31. f3 Rc2 32. Kf1 Bd5 33. Rxa6 Ra2 34.
Ke1 Rc8 35. Ne4 Ra1+ 36. Kf2 Bxe4 37. Rxe4 Rc2+ 38. Re2 Rc3 39. Ra5 Rcxa3 40.
Rxb5 Rb3 41. Rd2 Rab1 42. g4 1/2-1/2

[Event "Olimpiada de Khanty-Mansiysk 2010"]
[Site "Khanty-Mansiysk RUS"]
[Date "2010.09.29"]
[Round "8"]
[White "Pacheco, Marco"]
[Black "Gretarsson, Hjorvar Stein"]
[Result "0-1"]
[WhiteElo "2392"]
[BlackElo "2398"]
[PlyCount "82"]
[EventDate "2010.09.21"]
[EventType "team"]
[EventRounds "11"]
[EventCountry "RUS"]
[Source "lmi"]
[SourceDate "2010.09.21"]
[WhiteTeam "Perú"]
[BlackTeam "Islandia"]
[WhiteTeamCountry "PER"]
[BlackTeamCountry "ISL"]

1. d4 Nf6 2. Nf3 e6 3. c4 c5 4. d5 exd5 5. cxd5 d6 6. Nc3 g6 7. Nd2 Bg7 8. Nc4
O-O 9. Bf4 Ne8 10. e4 Qe7 11. Be2 b6 12. O-O Ba6 13. Re1 Nd7 14. Qd2 Bxc4 15.
Bxc4 a6 16. a4 Nc7 17. Bg3 g5 18. Be2 Rfe8 19. Bg4 Ne5 20. Bf5 b5 21. Qe2 c4
22. f4 gxf4 23. Bxf4 Ng6 24. Bg3 b4 25. Nd1 c3 26. Ne3 cxb2 27. Rab1 Qf6 28.
Qc4 Qc3 29. Bxd6 Nxd5 30. Qxd5 Rad8 31. Bxg6 hxg6 32. Nc4 Bf8 33. e5 Re6 34.
Red1 Bg7 35. Re1 Bxe5 36. Rxe5 Qc1+ 37. Kf2 Rf6+ 38. Kg3 Qxb1 39. Re2 Qc1 40.
Rxb2 Rdxd6 41. Nxd6 Qxb2 0-1

[Event "Olimpiada de Khanty-Mansiysk 2010"]
[Site "Khanty-Mansiysk RUS"]
[Date "2010.09.29"]
[Round "8"]
[White "Wiedenkeller, Michael"]
[Black "Amonatov, Farrukh"]
[Result "1/2-1/2"]
[WhiteElo "2431"]
[BlackElo "2602"]
[PlyCount "98"]
[EventDate "2010.09.21"]
[EventType "team"]
[EventRounds "11"]
[EventCountry "RUS"]
[Source "lmi"]
[SourceDate "2010.09.21"]
[WhiteTeam "Luxemburgo"]
[BlackTeam "Tayikistán"]
[WhiteTeamCountry "LUX"]
[BlackTeamCountry "TJK"]

1. d4 Nf6 2. c4 g6 3. Nc3 Bg7 4. e4 O-O 5. Bd3 d6 6. Nge2 c5 7. d5 e6 8. O-O
exd5 9. cxd5 Nbd7 10. Ng3 a6 11. a4 Rb8 12. h3 Ne8 13. Be3 Nc7 14. a5 b5 15.
axb6 Rxb6 16. Ra2 Rb4 17. Qc1 Ne5 18. Be2 Nb5 19. Nxb5 axb5 20. Bd2 Rb3 21. Bc3
b4 22. Qc2 Rxc3 23. bxc3 bxc3 24. Qxc3 h5 25. Rb1 h4 26. Nf1 Nc6 27. Qd2 Nd4
28. Ra8 Qe7 29. Rbb8 Bb7 30. Rxf8+ Bxf8 31. Rb8 Qxe4 32. Bc4 Bxd5 33. Bxd5 Qxd5
34. Qh6 Ne6 35. Qxh4 Kg7 36. Ne3 Qd2 37. Ng4 Qc1+ 38. Kh2 Qf4+ 39. g3 Qd4 40.
Qh6+ Kg8 41. Qe3 Kg7 42. Qh6+ Kg8 43. Qe3 Kg7 44. Rb7 Qxe3 45. fxe3 c4 46. e4
Nc5 47. Rb4 Nxe4 48. Rxc4 d5 49. Rd4 Bd6 1/2-1/2

[Event "Olimpiada de Khanty-Mansiysk 2010"]
[Site "Khanty-Mansiysk RUS"]
[Date "2010.09.29"]
[Round "8"]
[White "Isaev, Jamshed"]
[Black "Linster, Philippe"]
[Result "1/2-1/2"]
[WhiteElo "2382"]
[BlackElo "2264"]
[PlyCount "121"]
[EventDate "2010.09.21"]
[EventType "team"]
[EventRounds "11"]
[EventCountry "RUS"]
[Source "lmi"]
[SourceDate "2010.09.21"]
[WhiteTeam "Tayikistán"]
[BlackTeam "Luxemburgo"]
[WhiteTeamCountry "TJK"]
[BlackTeamCountry "LUX"]

1. e4 e6 2. d4 d5 3. Nc3 Bb4 4. e5 c5 5. a3 Bxc3+ 6. bxc3 Ne7 7. Qg4 Qc7 8.
Qxg7 Rg8 9. Qxh7 cxd4 10. Ne2 Nbc6 11. f4 Bd7 12. Qd3 dxc3 13. Qxc3 O-O-O 14.
Rb1 Nf5 15. Rg1 d4 16. Qd3 Na5 17. Rb4 a6 18. g4 Nh4 19. Nxd4 Bb5 20. Nxb5 axb5
21. Qe4 Qc3+ 22. Kf2 Rd1 23. Bb2 Rd2+ 24. Be2 Qh3 25. Ke1 Rgd8 26. Rd4 Rxe2+
27. Kxe2 Qxh2+ 28. Kf1 Qh3+ 29. Kf2 Qh2+ 30. Kf1 Qh3+ 31. Rg2 Rxd4 32. Bxd4
Nxg2 33. Qxg2 Qxa3 34. Ke2 Nc6 35. Be3 Qa4 36. Kd1 Qa1+ 37. Kd2 Qa5+ 38. Kd1
Qa1+ 39. Ke2 Qa4 40. Kf3 Nb4 41. Qd2 Nd5 42. Bd4 Qc4 43. Kg3 b4 44. f5 Nc7 45.
f6 b3 46. cxb3 Qxb3+ 47. Qc3 Qb1 48. Qc5 Qd3+ 49. Be3 b5 50. Kf2 Kb7 51. g5
Qf5+ 52. Kg3 Qd3 53. Qd4 Qb1 54. Qa7+ Kc8 55. Qc5 Kb7 56. Qb6+ Kc8 57. Qd6 Kb7
58. Qb6+ Kc8 59. Qc5 Kb7 60. Qa7+ Kc8 61. Qc5 1/2-1/2

[Event "Olimpiada de Khanty-Mansiysk 2010"]
[Site "Khanty-Mansiysk RUS"]
[Date "2010.09.29"]
[Round "8"]
[White "Jeitz, Christian"]
[Black "Djuraev, Sokhib"]
[Result "0-1"]
[WhiteElo "2235"]
[BlackElo "2397"]
[PlyCount "84"]
[EventDate "2010.09.21"]
[EventType "team"]
[EventRounds "11"]
[EventCountry "RUS"]
[Source "lmi"]
[SourceDate "2010.09.21"]
[WhiteTeam "Luxemburgo"]
[BlackTeam "Tayikistán"]
[WhiteTeamCountry "LUX"]
[BlackTeamCountry "TJK"]

1. e4 d6 2. d4 g6 3. Nc3 Bg7 4. Be3 a6 5. Qd2 b5 6. Bd3 Nd7 7. a4 b4 8. Nce2 c5
9. Nf3 Qc7 10. c3 bxc3 11. Nxc3 Ngf6 12. h3 O-O 13. O-O cxd4 14. Bxd4 e5 15.
Be3 Nc5 16. Bc2 Bb7 17. Bxc5 Qxc5 18. Rfd1 Rfd8 19. b4 Qc7 20. Rac1 Qe7 21. Qe3
d5 22. exd5 Nxd5 23. Nxd5 Rxd5 24. Rxd5 Bxd5 25. Be4 Bxe4 26. Qxe4 Rb8 27. Rc5
h6 28. Qc4 e4 29. Nd4 e3 30. Nc6 exf2+ 31. Kxf2 Qf6+ 32. Kg1 Re8 33. Qf1 Qd6
34. Rc1 Bd4+ 35. Kh1 Be3 36. Qe2 Re6 37. Rc2 Bb6 38. Qf1 Bc7 39. g3 Qxg3 40.
Re2 Rxe2 41. Qxe2 Qxh3+ 42. Kg1 Bb6+ 0-1

[Event "Olimpiada de Khanty-Mansiysk 2010"]
[Site "Khanty-Mansiysk RUS"]
[Date "2010.09.29"]
[Round "8"]
[White "Khouseinov, Rashid"]
[Black "Mossong, Hubert"]
[Result "1-0"]
[WhiteElo "2364"]
[BlackElo "2184"]
[PlyCount "65"]
[EventDate "2010.09.21"]
[EventType "team"]
[EventRounds "11"]
[EventCountry "RUS"]
[Source "lmi"]
[SourceDate "2010.09.21"]
[WhiteTeam "Tayikistán"]
[BlackTeam "Luxemburgo"]
[WhiteTeamCountry "TJK"]
[BlackTeamCountry "LUX"]

1. g3 g6 2. Bg2 Bg7 3. e4 c5 4. d3 Nc6 5. f4 e6 6. Nf3 d5 7. Nbd2 Nge7 8. O-O
O-O 9. c3 b6 10. Qe2 a5 11. a4 Ba6 12. e5 Qd7 13. Re1 Rfb8 14. Nf1 b5 15. axb5
Bxb5 16. g4 Ba6 17. Ng3 Ra7 18. h4 Rb3 19. Bh3 d4 20. c4 Nb4 21. Rd1 Nxd3 22.
Rxd3 Bxc4 23. Rxb3 Bxb3 24. f5 exf5 25. gxf5 Nxf5 26. Bxf5 gxf5 27. Nh5 Qe6 28.
Bg5 Bd5 29. Nxg7 Qc6 30. Nxd4 cxd4 31. Rc1 Qa8 32. Nxf5 Bf3 33. Qxf3 1-0

[Event "Olimpiada de Khanty-Mansiysk 2010"]
[Site "Khanty-Mansiysk RUS"]
[Date "2010.09.29"]
[Round "8"]
[White "Adly, Ahmed"]
[Black "Al-Hadarani, Hatim"]
[Result "1-0"]
[WhiteElo "2630"]
[BlackElo "2264"]
[PlyCount "109"]
[EventDate "2010.09.21"]
[EventType "team"]
[EventRounds "11"]
[EventCountry "RUS"]
[Source "lmi"]
[SourceDate "2010.09.21"]
[WhiteTeam "Egipto"]
[BlackTeam "Yemen"]
[WhiteTeamCountry "EGY"]
[BlackTeamCountry "YEM"]

1. d4 Nf6 2. Nf3 c5 3. e3 g6 4. dxc5 Qa5+ 5. Nbd2 Bg7 6. a3 Qxc5 7. b4 Qc7 8.
Bb2 O-O 9. c4 a5 10. Be2 d6 11. O-O axb4 12. axb4 Rxa1 13. Qxa1 Na6 14. Ne4 Ne8
15. Bxg7 Nxg7 16. Qb2 Qb6 17. Rb1 Bf5 18. Bd3 Rc8 19. Qb3 Qc7 20. Ned2 Bd7 21.
Ng5 h6 22. Nge4 Be6 23. Nc3 Ne8 24. Nb5 Qb6 25. Nd4 Ng7 26. h3 Kh7 27. Ne4 Qd8
28. h4 Qd7 29. Ng3 Bg4 30. f3 e5 31. Nb5 Be6 32. h5 d5 33. hxg6+ fxg6 34. cxd5
Bxd5 35. Qd1 Rd8 36. Qc2 Bf7 37. Be2 Qe7 38. Qb2 Qg5 39. Kf2 h5 40. Ne4 Qh4+
41. Kg1 Qe7 42. Nbc3 Nf5 43. Bxa6 bxa6 44. Qe2 Ra8 45. Rd1 Ra7 46. g4 Nh4 47.
Rd6 hxg4 48. fxg4 Kg7 49. Kf2 Be6 50. Kg3 g5 51. Rxa6 Rc7 52. Nc5 Bc8 53. Nd5
Bxa6 54. Qxa6 Qf7 55. Ne6+ 1-0

[Event "Olimpiada de Khanty-Mansiysk 2010"]
[Site "Khanty-Mansiysk RUS"]
[Date "2010.09.29"]
[Round "8"]
[White "Al Qudaimi, Basheer"]
[Black "Amin, Bassem"]
[Result "0-1"]
[WhiteElo "2428"]
[BlackElo "2578"]
[PlyCount "64"]
[EventDate "2010.09.21"]
[EventType "team"]
[EventRounds "11"]
[EventCountry "RUS"]
[Source "lmi"]
[SourceDate "2010.09.21"]
[WhiteTeam "Yemen"]
[BlackTeam "Egipto"]
[WhiteTeamCountry "YEM"]
[BlackTeamCountry "EGY"]

1. e4 e5 2. Nf3 Nc6 3. Bb5 a6 4. Ba4 Nf6 5. d4 exd4 6. O-O Be7 7. Re1 b5 8. Bb3
d6 9. Bd5 Nxd5 10. exd5 Ne5 11. Nxd4 O-O 12. f4 Bg4 13. Qd2 Nc4 14. Qd3 Bf6 15.
Nc3 Re8 16. Rf1 c5 17. Nc6 Qd7 18. f5 Bxc3 19. Qxc3 Bxf5 20. b3 Nb6 21. Bb2 f6
22. Rad1 Re2 23. Qf3 Bg4 24. Qg3 Rae8 25. h3 Rxc2 26. Rde1 Rxe1 27. Rxe1 Nxd5
28. Nb8 Qf5 29. hxg4 Qf4 30. Qh4 Ne3 31. Bc1 Rxg2+ 32. Kh1 Qf3 0-1

[Event "Olimpiada de Khanty-Mansiysk 2010"]
[Site "Khanty-Mansiysk RUS"]
[Date "2010.09.29"]
[Round "8"]
[White "Abdel Razik, Khaled"]
[Black "Al-Zendani, Zendan"]
[Result "1/2-1/2"]
[WhiteElo "2480"]
[BlackElo "2400"]
[PlyCount "83"]
[EventDate "2010.09.21"]
[EventType "team"]
[EventRounds "11"]
[EventCountry "RUS"]
[Source "lmi"]
[SourceDate "2010.09.21"]
[WhiteTeam "Egipto"]
[BlackTeam "Yemen"]
[WhiteTeamCountry "EGY"]
[BlackTeamCountry "YEM"]

1. d4 d5 2. Nf3 Nf6 3. e3 Bf5 4. c4 e6 5. Nc3 c6 6. Be2 Nbd7 7. Nh4 Be4 8. f3
Bg6 9. g3 Bd6 10. Kf2 O-O 11. Nxg6 fxg6 12. Kg2 Kh8 13. f4 Bb4 14. Bd3 c5 15.
a3 Bxc3 16. bxc3 Nb6 17. cxd5 exd5 18. h4 c4 19. Bc2 Qe7 20. a4 Rfe8 21. Qf3
Ne4 22. g4 Kg8 23. g5 Qe6 24. h5 Nc8 25. hxg6 hxg6 26. Bxe4 Qxe4 27. Ba3 Qxf3+
28. Kxf3 Ne7 29. Bd6 Nf5 30. Be5 Kf7 31. Rab1 b6 32. a5 Rh8 33. Rxh8 Rxh8 34.
axb6 axb6 35. Rxb6 Rh3+ 36. Kf2 Rxe3 37. Rb7+ Ke6 38. Bxg7 Rxc3 39. Rb6+ Kf7
40. Be5 Rc2+ 41. Ke1 Ne3 42. Rf6+ 1/2-1/2

[Event "Olimpiada de Khanty-Mansiysk 2010"]
[Site "Khanty-Mansiysk RUS"]
[Date "2010.09.29"]
[Round "8"]
[White "Gameel, Mohamed"]
[Black "Ezat, Mohamed"]
[Result "0-1"]
[WhiteElo "2216"]
[BlackElo "2448"]
[PlyCount "86"]
[EventDate "2010.09.21"]
[EventType "team"]
[EventRounds "11"]
[EventCountry "RUS"]
[Source "lmi"]
[SourceDate "2010.09.21"]
[WhiteTeam "Yemen"]
[BlackTeam "Egipto"]
[WhiteTeamCountry "YEM"]
[BlackTeamCountry "EGY"]

1. d4 Nf6 2. c4 g6 3. Nc3 Bg7 4. e4 d6 5. g3 O-O 6. Bg2 c5 7. d5 Qa5 8. Nge2
Qb4 9. Qd3 Nbd7 10. f4 b5 11. cxb5 c4 12. Qc2 Nc5 13. O-O Nd3 14. h3 a6 15.
bxa6 Bxa6 16. Kh2 Nd7 17. Rb1 Nxc1 18. Rfxc1 Nc5 19. Rd1 Rab8 20. Nd4 Bxd4 21.
Rxd4 Nd3 22. Ne2 Rfc8 23. b3 Ne1 24. Qd2 Qxd2 25. Rxd2 c3 26. Nxc3 Nxg2 27. Ne2
Ne3 28. Kg1 Nc2 29. Kf2 Bxe2 30. Rxe2 Na3 31. Rd1 Ra8 32. Rd3 Rc1 33. e5 Kf8
34. g4 Rac8 35. f5 dxe5 36. d6 exd6 37. Rxd6 Nb5 38. Rd7 R1c2 39. f6 Rxe2+ 40.
Kxe2 Nc3+ 41. Kd3 Nxa2 42. Ke4 Rb8 43. g5 Nc1 0-1

[Event "Olimpiada de Khanty-Mansiysk 2010"]
[Site "Khanty-Mansiysk RUS"]
[Date "2010.09.29"]
[Round "8"]
[White "Ziska, Helgi Dam"]
[Black "Mehmeti, Dritan"]
[Result "0-1"]
[WhiteElo "2439"]
[BlackElo "2415"]
[PlyCount "78"]
[EventDate "2010.09.21"]
[EventType "team"]
[EventRounds "11"]
[EventCountry "RUS"]
[Source "lmi"]
[SourceDate "2010.09.21"]
[WhiteTeam "Islas Faroe"]
[BlackTeam "Albania"]
[WhiteTeamCountry "FAI"]
[BlackTeamCountry "ALB"]

1. e4 e6 2. d3 d5 3. Nd2 c5 4. Ngf3 Nc6 5. g3 Nf6 6. Bg2 Be7 7. O-O O-O 8. Re1
Qc7 9. e5 Nd7 10. Qe2 b5 11. Nf1 Re8 12. Bf4 a5 13. h4 h6 14. Ne3 Qd8 15. Ng4
Bf8 16. Qd2 b4 17. c4 bxc3 18. bxc3 Rb8 19. Rab1 Ba6 20. Ngh2 Rxb1 21. Rxb1 Qc7
22. Bf1 Rb8 23. Rxb8 Qxb8 24. g4 Qb1 25. Kg2 d4 26. c4 Bb7 27. Kh3 a4 28. a3
Qa1 29. g5 hxg5 30. Nxg5 Qxa3 31. Qe2 Be7 32. Nxf7 Kxf7 33. Qh5+ Kg8 34. Ng4
Nf8 35. Qe8 Qb3 36. Bg5 Qd1 37. Nh2 Bxg5 38. hxg5 Nxe5 39. Kg3 Qd2 0-1

[Event "Olimpiada de Khanty-Mansiysk 2010"]
[Site "Khanty-Mansiysk RUS"]
[Date "2010.09.29"]
[Round "8"]
[White "Seitaj, Ilir"]
[Black "Berg, Olaf"]
[Result "1-0"]
[WhiteElo "2390"]
[BlackElo "2274"]
[PlyCount "97"]
[EventDate "2010.09.21"]
[EventType "team"]
[EventRounds "11"]
[EventCountry "RUS"]
[Source "lmi"]
[SourceDate "2010.09.21"]
[WhiteTeam "Albania"]
[BlackTeam "Islas Faroe"]
[WhiteTeamCountry "ALB"]
[BlackTeamCountry "FAI"]

1. e4 c5 2. c3 d5 3. exd5 Qxd5 4. d4 g6 5. Nf3 Bg7 6. Be2 Nc6 7. Be3 cxd4 8.
cxd4 Nf6 9. Nc3 Qa5 10. O-O Be6 11. a3 O-O 12. b4 Qd8 13. Rc1 a6 14. Na4 Bd5
15. Ne5 Ne4 16. f4 e6 17. Bd3 Nd6 18. Nc5 Nb8 19. Bf2 b6 20. Na4 f6 21. Ng4 Nd7
22. Nc3 b5 23. Ne3 Nb6 24. Nexd5 exd5 25. f5 Bh6 26. Rc2 gxf5 27. Qh5 Kg7 28.
Bg3 Be3+ 29. Kh1 Qe8 30. Qf3 Nbc4 31. Bxd6 Nxd6 32. Nxd5 Bg5 33. Nc7 Qc8 34.
Nxa8 Qxa8 35. Rc7+ Kg8 36. Qh5 Rf7 37. Rxf7 Nxf7 38. Bxf5 Qd5 39. Bxh7+ Kf8 40.
Bg6 Qc4 41. Rd1 Nh6 42. h4 Be3 43. Qc5+ Kg7 44. Qe7+ Kxg6 45. Qxe3 Ng4 46. Qf4
Qe2 47. Rf1 Kh5 48. Qf5+ Kxh4 49. Qh7+ 1-0

[Event "Olimpiada de Khanty-Mansiysk 2010"]
[Site "Khanty-Mansiysk RUS"]
[Date "2010.09.29"]
[Round "8"]
[White "Samuelsen, Carl Eli Nolso"]
[Black "Rama, Lorenc"]
[Result "1/2-1/2"]
[WhiteElo "2262"]
[BlackElo "2276"]
[PlyCount "77"]
[EventDate "2010.09.21"]
[EventType "team"]
[EventRounds "11"]
[EventCountry "RUS"]
[Source "lmi"]
[SourceDate "2010.09.21"]
[WhiteTeam "Islas Faroe"]
[BlackTeam "Albania"]
[WhiteTeamCountry "FAI"]
[BlackTeamCountry "ALB"]

1. e4 d6 2. d4 Nf6 3. Nc3 g6 4. g3 Bg7 5. Bg2 O-O 6. h3 e5 7. Nge2 c6 8. Be3 b5
9. Qd2 Nbd7 10. Rd1 b4 11. Na4 Qa5 12. b3 d5 13. exd5 Nxd5 14. O-O Ba6 15. Rfe1
Nxe3 16. Qxe3 Bxe2 17. Qxe2 exd4 18. Bxc6 Rad8 19. f4 Nf6 20. Qd2 Nd5 21. Bxd5
Rxd5 22. Qd3 Rdd8 23. Re2 Rfe8 24. Kh2 h5 25. h4 Rxe2+ 26. Qxe2 Rc8 27. Rd2 Bf6
28. Qd3 Qc7 29. Re2 Qd7 30. Re4 Qg4 31. Qe2 Qxe2+ 32. Rxe2 d3 33. cxd3 Rc1 34.
Kg2 Rd1 35. Nc5 Bd4 36. Na6 Bc3 37. Nc5 Bd4 38. Na6 Bc3 39. Nc5 1/2-1/2

[Event "Olimpiada de Khanty-Mansiysk 2010"]
[Site "Khanty-Mansiysk RUS"]
[Date "2010.09.29"]
[Round "8"]
[White "Boshku, Harallamb"]
[Black "Andreasen, Joan Hendrik"]
[Result "0-1"]
[WhiteElo "2314"]
[BlackElo "2217"]
[PlyCount "104"]
[EventDate "2010.09.21"]
[EventType "team"]
[EventRounds "11"]
[EventCountry "RUS"]
[Source "lmi"]
[SourceDate "2010.09.21"]
[WhiteTeam "Albania"]
[BlackTeam "Islas Faroe"]
[WhiteTeamCountry "ALB"]
[BlackTeamCountry "FAI"]

1. Nf3 Nf6 2. c4 b6 3. d4 e6 4. g3 Ba6 5. b3 b5 6. cxb5 Bxb5 7. Bg2 d5 8. O-O
Nbd7 9. Nc3 Ba6 10. Bf4 c5 11. dxc5 Bxc5 12. Rc1 O-O 13. Rc2 Rc8 14. Na4 Bb4
15. Ne5 Bb5 16. Nd3 Ba3 17. Nc3 Ba6 18. Nb1 Be7 19. Qc1 Qa5 20. Bc7 Qb5 21. Qe3
Qb7 22. Rfc1 Bxd3 23. exd3 Bc5 24. d4 Bb4 25. Bf1 Ne4 26. Bd3 Bd6 27. Ba5 Rxc2
28. Rxc2 Nef6 29. Qc1 Nb6 30. Qf1 Ne4 31. Qe2 Rc8 32. Rxc8+ Nxc8 33. Ba6 Qc6
34. Kg2 Bc7 35. Bxc7 Qxc7 36. Bd3 Ncd6 37. Bxe4 Nxe4 38. f3 Nd6 39. Qd2 Nf5 40.
Nc3 Qa5 41. Qd3 g6 42. g4 Nh4+ 43. Kf2 Qc7 44. Kg1 Qf4 45. Ne2 Qxf3 46. Qxf3
Nxf3+ 47. Kg2 Ne1+ 48. Kg3 Nc2 49. Kf4 Kf8 50. Ke5 Ke7 51. g5 Nb4 52. a3 Nd3#
0-1

[Event "Olimpiada de Khanty-Mansiysk 2010"]
[Site "Khanty-Mansiysk RUS"]
[Date "2010.09.29"]
[Round "8"]
[White "Iturrizaga, Eduardo"]
[Black "Ragger, Markus"]
[Result "1/2-1/2"]
[WhiteElo "2609"]
[BlackElo "2628"]
[PlyCount "27"]
[EventDate "2010.09.21"]
[EventType "team"]
[EventRounds "11"]
[EventCountry "RUS"]
[Source "lmi"]
[SourceDate "2010.09.21"]
[WhiteTeam "Venezuela"]
[BlackTeam "Austria"]
[WhiteTeamCountry "VEN"]
[BlackTeamCountry "AUT"]

1. c4 Nf6 2. Nc3 e5 3. g3 d5 4. cxd5 Nxd5 5. Bg2 Nb6 6. Nf3 Nc6 7. O-O Be7 8.
d3 O-O 9. Be3 Be6 10. a3 f5 11. b4 Bf6 12. Rc1 Nd4 13. Nd2 c6 14. Bxd4 1/2-1/2

[Event "Olimpiada de Khanty-Mansiysk 2010"]
[Site "Khanty-Mansiysk RUS"]
[Date "2010.09.29"]
[Round "8"]
[White "Shengelia, David"]
[Black "Soto, Paez Oliver"]
[Result "1-0"]
[WhiteElo "2587"]
[BlackElo "2373"]
[PlyCount "151"]
[EventDate "2010.09.21"]
[EventType "team"]
[EventRounds "11"]
[EventCountry "RUS"]
[Source "lmi"]
[SourceDate "2010.09.21"]
[WhiteTeam "Austria"]
[BlackTeam "Venezuela"]
[WhiteTeamCountry "AUT"]
[BlackTeamCountry "VEN"]

1. Nf3 Nf6 2. g3 g6 3. b3 Bg7 4. Bb2 O-O 5. Bg2 d6 6. d4 c6 7. O-O Qa5 8. h3
Qh5 9. g4 Qa5 10. Nbd2 h5 11. g5 Nh7 12. Nc4 Qd8 13. e4 d5 14. exd5 cxd5 15.
Nce5 e6 16. h4 Nd7 17. c4 dxc4 18. bxc4 Qc7 19. Re1 Rd8 20. Qe2 Nhf8 21. Qe4
Nxe5 22. Nxe5 Bxe5 23. Qxe5 Qxe5 24. Rxe5 Nd7 25. Ree1 Nb6 26. Rac1 Bd7 27. d5
Rac8 28. Bf6 Re8 29. dxe6 Bxe6 30. Bxb7 Rxc4 31. Rxc4 Nxc4 32. Bd5 Nb6 33. Bxe6
fxe6 34. Bd4 Kf7 35. Re3 Rd8 36. Rf3+ Ke8 37. Bxb6 axb6 38. Kg2 Rd4 39. Kg3
Rg4+ 40. Kh3 Ra4 41. Rf6 Ke7 42. Rxg6 Rxa2 43. Kg3 Ra3+ 44. f3 Ra8 45. Rh6 Rb8
46. Rxh5 b5 47. Rh7+ Kd6 48. Ra7 b4 49. Ra6+ Ke7 50. Ra7+ Kd6 51. f4 b3 52. Ra1
b2 53. Rb1 Ke7 54. h5 Kf7 55. Kf3 Rb4 56. Ke3 Kg7 57. Kd3 Rxf4 58. Rxb2 Rh4 59.
Rb7+ Kh8 60. h6 Rg4 61. Rg7 e5 62. Ke2 e4 63. Ke3 Rg3+ 64. Kf4 Rf3+ 65. Kg4 Rf8
66. Re7 e3 67. Rxe3 Ra8 68. Kh5 Ra5 69. Kg6 Ra6+ 70. Kf5 Kh7 71. Re7+ Kg8 72.
Re6 Ra5+ 73. Kg6 Ra8 74. Re5 Ra6+ 75. Kh5 Kh7 76. g6+ 1-0